[Event "RA Summer op"]
[Site "Ottawa CAN"]
[Date "1994.06.19"]
[Round "5"]
[White "Hergott, Deen"]
[Black "Pacey, Kevin"]
[Result "0-1"]
[WhiteElo "2526"]
[BlackElo "2299"]
[PlyCount "108"]
[EventDate "1994.06.17"]
[EventType "swiss"]
[EventRounds "5"]
[EventCountry "CAN"]

1. Nf3 g6 2. c4 Bg7 3. Nc3 d6 4. g3 e5 5. d4 Nd7 6. Bg2 Nh6 7. e4 O-O 8. O-O c6
9. h3 f6 10. Be3 Nf7 11. Qc2 exd4 12. Nxd4 Nde5 13. b3 c5 14. Nde2 f5 15. f4
Nc6 16. Rad1 Qa5 17. Nd5 fxe4 18. Bd2 Nb4 19. Nxb4 cxb4 20. Be3 Re8 21. g4 Bd7
22. f5 gxf5 23. gxf5 Rac8 24. f6 Bf8 25. Bxe4 Qh5 26. Nf4 Qh4 27. Qg2+ Kh8 28.
Bxh7 Qxh7 29. Ng6+ Kg8 30. Ne7+ Kh8 31. Ng6+ Kg8 32. Ne5+ Kh8 33. Nxf7+ Qxf7
34. Rd4 Re5 35. Bg5 Bc6 36. Rh4+ Kg8 37. Qg4 Be8 38. Bf4+ Qg6 39. Bxe5 dxe5 40.
f7+ Bxf7 41. Kh1 Rc7 42. Qd1 Qc6+ 43. Kh2 Rd7 44. Rg1+ Bg7 45. Qc2 Qf6 46. Qh7+
Kf8 47. Rhg4 Rd2+ 48. Kh1 Qf3+ 49. R1g2 Rd1+ 50. Kh2 Bf6 51. Rg8+ Ke7 52. R8g3
Qf4 53. Qc2 Rd7 54. c5 Bh4 0-1

[Event "Grand Prix"]
[Site "Montreal CAN"]
[Date "1994.05.21"]
[Round "2"]
[White "Hergott, Deen"]
[Black "Morin, Louis"]
[Result "1-0"]
[WhiteElo "2330"]
[BlackElo "2052"]
[PlyCount "75"]
[EventDate "1994.05.20"]
[EventType "swiss"]
[EventRounds "5"]
[EventCountry "CAN"]

1. Nf3 d5 2. g3 Nf6 3. Bg2 e6 4. O-O Be7 5. d3 O-O 6. Nbd2 c5 7. e4 Nc6 8. e5
Ng4 9. Qe2 f6 10. exf6 Bxf6 11. c3 Qd6 12. Nb3 Bd7 13. d4 cxd4 14. cxd4 Rae8
15. h3 Nh6 16. Bf4 e5 17. Bxh6 gxh6 18. dxe5 Nxe5 19. Nxe5 Bxe5 20. Qd2 d4 21.
Na5 b5 22. Nb7 Qb6 23. Rac1 Rc8 24. Rfe1 Rxc1 25. Rxc1 Rc8 26. b4 Bxh3 27. Bxh3
Rxc1+ 28. Qxc1 Qxb7 29. Qxh6 Qe7 30. Be6+ Kh8 31. Bf5 Qg7 32. Qc6 Qf8 33. Qd7
Qg8 34. Qe7 Bxg3 35. Qf6+ Qg7 36. Qxg7+ Kxg7 37. fxg3 Kf6 38. Bxh7 1-0

[Event "RA Summer Pickup #1"]
[Site "Ottawa CAN"]
[Date "1994.05.12"]
[Round "2"]
[White "Hergott, Deen"]
[Black "Pacey, Kevin"]
[Result "1/2-1/2"]
[WhiteElo "2526"]
[BlackElo "2299"]
[PlyCount "103"]
[EventDate "1994.05.05"]
[EventType "swiss"]
[EventRounds "6"]
[EventCountry "CAN"]

1. d4 Nc6 2. Nf3 d5 3. c4 Bg4 4. cxd5 Bxf3 5. gxf3 Qxd5 6. e3 e5 7. Nc3 Bb4 8.
Bd2 Bxc3 9. bxc3 exd4 10. cxd4 Nge7 11. Rg1 O-O 12. Rc1 Qd6 13. f4 f5 14. Bc4+
Kh8 15. Qb3 Rad8 16. d5 Nxd5 17. Bxd5 Qxd5 18. Bc3 Rf7 19. Qxb7 Rb8 20. Qa6 Rb6
21. Qc8+ Qd8 22. Qxd8+ Nxd8 23. Bd4 Ra6 24. Rxg7 Rxg7 25. Rxc7 Rag6 26. Rxa7
Kg8 27. Rxg7+ Rxg7 28. Bxg7 Kxg7 29. Kd2 Kf6 30. Kc3 Ke6 31. Kc4 Nb7 32. f3 Kd6
33. e4 Kc6 34. Kd4 Kd6 35. Kc4 Kc6 36. exf5 Nd6+ 37. Kd4 Nxf5+ 38. Ke5 Nh4 39.
Ke4 Kd6 40. f5 Ke7 41. Kf4 Kf6 42. Kg4 Nxf5 43. Kh5 Nd4 44. a4 Nxf3 45. a5 Ne5
46. a6 Nc6 47. Kh6 Na7 48. h4 Nc6 49. Kxh7 Kf7 50. h5 Na7 51. Kh6 Kf6 52. Kh7
1/2-1/2

[Event "Toronto op"]
[Site "Toronto CAN"]
[Date "1994.04.??"]
[Round "?"]
[White "Nickoloff, Bryon"]
[Black "Hergott, Deen"]
[Result "0-1"]
[WhiteElo "2466"]
[BlackElo "2526"]
[PlyCount "82"]
[EventDate "1994.04.01"]
[EventType "swiss"]
[EventRounds "6"]
[EventCountry "CAN"]

1. d4 e6 2. c4 d5 3. Nf3 Nf6 4. Bg5 Nbd7 5. Nc3 c6 6. cxd5 exd5 7. e3 Be7 8.
Qc2 O-O 9. Bd3 Re8 10. O-O Nf8 11. Rab1 a5 12. Rbe1 Nh5 13. Bxe7 Rxe7 14. a3
Ng6 15. b4 Qd6 16. Rb1 Bg4 17. Nd2 Nh4 18. f3 axb4 19. axb4 Bd7 20. Nd1 g6 21.
Rf2 Ra3 22. Rb3 Ra4 23. b5 Ra1 24. Rb1 Rxb1 25. Qxb1 cxb5 26. Nf1 b4 27. Rb2
Bf5 28. Bxf5 gxf5 29. f4 Nf6 30. g3 Nf3+ 31. Kf2 Qa6 32. Kxf3 Qxf1+ 33. Nf2 Qa6
34. Qxf5 Qa3 35. Qxf6 Rxe3+ 36. Kg4 Qxb2 37. Qd8+ Kg7 38. Qg5+ Kf8 39. Qd8+ Re8
40. Qd6+ Kg8 41. Nh3 Qe2+ 0-1

[Event "Mauricie op"]
[Site "Trois-Rivieres CAN"]
[Date "1994.03.19"]
[Round "2"]
[White "Hergott, Deen"]
[Black "Cordero, Jose Abreu"]
[Result "1-0"]
[WhiteElo "2327"]
[BlackElo "2128"]
[PlyCount "133"]
[EventDate "1994.03.17"]
[EventType "swiss"]
[EventRounds "5"]
[EventCountry "CAN"]

1. d4 Nf6 2. c4 g6 3. Nc3 Bg7 4. e4 d6 5. Nf3 O-O 6. Be2 Nbd7 7. h4 e5 8. d5
Nc5 9. Nd2 a5 10. h5 Ne8 11. hxg6 fxg6 12. Nb3 b6 13. Be3 Bd7 14. g4 g5 15. Nd2
h6 16. Nf1 Nf6 17. Ng3 Qe8 18. f3 Rf7 19. Qd2 Nh7 20. O-O-O Nf8 21. Nf5 Bxf5
22. gxf5 Nh7 23. Rh2 Nd7 24. Rdh1 Qf8 25. Bd1 Nc5 26. Bc2 Rf6 27. Nd1 Rf7 28.
Nf2 Nd7 29. Ng4 Rf6 30. Rh5 Kf7 31. Qh2 a4 32. Nxh6+ Rxh6 33. Rxh6 Bxh6 34.
Qh5+ Ke7 35. Qg6 Qf7 36. Rxh6 Nhf8 37. Bxg5+ Ke8 38. Qxf7+ Kxf7 39. Be3 Nf6 40.
Kd2 a3 41. b4 N8h7 42. Kc3 Rg8 43. Rg6 Rh8 44. Rh6 Rg8 45. Rg6 Rh8 46. Kb3 Nf8
47. Rh6 Rg8 48. Rh3 Rg2 49. Bd3 N6d7 50. Kxa3 Nb8 51. Bf1 Rg8 52. Ka4 Ke8 53.
Kb5 Kd8 54. a4 Kc8 55. a5 bxa5 56. Kxa5 Kb7 57. c5 c6 58. b5 cxd5 59. c6+ Nxc6+
60. bxc6+ Kxc6 61. exd5+ Kc7 62. Bb5 Kd8 63. f6 Nd7 64. Bxd7 Kxd7 65. Rh7+ Kd8
66. f7 Rf8 67. Bh6 1-0

[Event "Mauricie op"]
[Site "Trois-Rivieres CAN"]
[Date "1994.03.20"]
[Round "5"]
[White "Hergott, Deen"]
[Black "Schleifer, Michael"]
[Result "1/2-1/2"]
[WhiteElo "2327"]
[BlackElo "2316"]
[Annotator "Brodie,Hugh"]
[PlyCount "90"]
[EventDate "1994.03.17"]
[EventType "swiss"]
[EventRounds "5"]
[EventCountry "CAN"]

1. d4 Nf6 2. c4 e6 3. Nf3 Bb4+ 4. Nc3 Ne4 5. Qc2 f5 6. Nd2 d5 7. Ndxe4 dxe4 8.
e3 O-O 9. Bd2 c5 10. a3 cxd4 11. axb4 dxc3 12. Bxc3 Qc7 13. Be2 e5 14. g4 fxg4
15. Qxe4 Qf7 16. Qxe5 Nc6 17. Qg3 Be6 18. O-O-O a5 19. Bxg4 Bxg4 20. Qxg4 axb4
21. Rd7 Ne7 22. Qxg7+ Qxg7 23. Bxg7 Kxg7 24. Kb1 Kf7 25. Rxb7 Rab8 26. Rxb8
Rxb8 27. Kc2 Rg8 28. Kb3 Nc6 29. Rd1 Ke7 30. Rd5 Rg2 31. Rh5 Rxf2 32. Rxh7+ Kd6
33. Rh6+ Kc5 34. Rh5+ Kb6 35. Rb5+ Kc7 36. Rh5 Re2 37. c5 Rxe3+ 38. Ka4 b3 39.
Rh7+ Kc8 40. Rg7 Nd4 41. Rg4 Ne6 42. Rg3 Re2 43. Kxb3 Nxc5+ 44. Kc4 Rc2+ 45.
Kd5 Rxh2 1/2-1/2

[Event "Chess Nuts op"]
[Site "Toronto CAN"]
[Date "1994.??.??"]
[Round "?"]
[White "Hergott, Deen"]
[Black "Livshits, Ron"]
[Result "1-0"]
[WhiteElo "2526"]
[BlackElo "2430"]
[PlyCount "57"]
[EventDate "1994.02.25"]
[EventType "swiss"]
[EventRounds "5"]
[EventCountry "CAN"]

1. Nf3 Nf6 2. c4 g6 3. Nc3 Bg7 4. d4 O-O 5. e4 d6 6. Be2 Bg4 7. Be3 Nfd7 8. O-O
Nc6 9. d5 Bxf3 10. gxf3 Na5 11. Rc1 c5 12. f4 a6 13. Kh1 Rb8 14. b3 Qc7 15. Rg1
Rfc8 16. Qd2 Qd8 17. f5 Nf6 18. fxg6 hxg6 19. f4 b5 20. e5 Ne8 21. e6 bxc4 22.
exf7+ Kxf7 23. Qc2 Kf8 24. Qxg6 e6 25. f5 Qf6 26. Qh7 exd5 27. Bh5 Rb7 28. Rxg7
Rxg7 29. Bh6 1-0

[Event "Casa Loma active"]
[Site "Toronto CAN"]
[Date "1994.??.??"]
[Round "3"]
[White "Ochkoos, Jura"]
[Black "Hergott, Deen"]
[Result "0-1"]
[WhiteElo "2351"]
[BlackElo "2520"]
[PlyCount "52"]
[EventDate "1994.??.??"]
[EventType "rapid"]
[EventCountry "CAN"]

1. d4 d6 2. e4 Nf6 3. Nc3 g6 4. Nf3 Bg7 5. Be2 O-O 6. O-O c6 7. a4 Nbd7 8. h3
Qc7 9. Be3 b6 10. Nd2 e5 11. dxe5 dxe5 12. Qe1 Bb7 13. Nc4 Rad8 14. Rd1 Nc5 15.
Bxc5 bxc5 16. Bd3 Nh5 17. Qe3 Qe7 18. Na5 Rd4 19. Nxb7 Qxb7 20. b3 Rfd8 21. Ne2
c4 22. bxc4 R4d7 23. Qc5 Qc7 24. Qb4 a5 25. Qc3 Nf4 26. c5 Rxd3 0-1

[Event "Linares MEX"]
[Site "Linares MEX"]
[Date "1994.??.??"]
[Round "1"]
[White "Morovic Fernandez, Ivan"]
[Black "Hergott, Deen"]
[Result "1/2-1/2"]
[WhiteElo "2585"]
[BlackElo "2430"]
[PlyCount "76"]
[EventDate "1994.??.??"]
[EventType "tourn"]
[EventRounds "13"]
[EventCountry "MEX"]

1. d4 e6 2. c4 b6 3. e4 Bb7 4. d5 Bb4+ 5. Bd2 Qe7 6. Bxb4 Qxb4+ 7. Qd2 Qxd2+ 8.
Nxd2 f5 9. O-O-O Nf6 10. f3 fxe4 11. Nxe4 O-O 12. Nxf6+ Rxf6 13. Ne2 exd5 14.
cxd5 Na6 15. Nc3 Re8 16. Bc4 Kf8 17. Rhe1 Rxe1 18. Rxe1 Nc5 19. Rd1 Rf4 20. Bf1
Ke7 21. Be2 Rh4 22. h3 a5 23. Kc2 g5 24. b3 Kd8 25. a3 h6 26. Bf1 Rf4 27. Be2
Ba6 28. Rd2 Bxe2 29. Nxe2 Rf5 30. b4 axb4 31. axb4 Nb7 32. Ng3 Rf4 33. Ne4 Ke7
34. Kc3 Nd6 35. Kd4 Rf5 36. Re2 Nb5+ 37. Kc4 Nd6+ 38. Kd4 Nb5+ 1/2-1/2

[Event "Linares MEX"]
[Site "Linares MEX"]
[Date "1994.??.??"]
[Round "3"]
[White "Illescas Cordoba, Miguel"]
[Black "Hergott, Deen"]
[Result "1-0"]
[WhiteElo "2590"]
[BlackElo "2430"]
[PlyCount "69"]
[EventDate "1994.??.??"]
[EventType "tourn"]
[EventRounds "13"]
[EventCountry "MEX"]

1. d4 g6 2. e4 Bg7 3. Nf3 d6 4. Be2 Nf6 5. Nc3 O-O 6. O-O c6 7. Bf4 Nh5 8. Be3
e5 9. dxe5 dxe5 10. Qxd8 Rxd8 11. Rfd1 Rxd1+ 12. Rxd1 Nd7 13. Ng5 h6 14. Bxh5
gxh5 15. Nf3 Kh7 16. a4 Nf8 17. Nh4 Ng6 18. Nf5 Bxf5 19. exf5 Nh4 20. Rd7 Nxf5
21. Rxf7 Nxe3 22. fxe3 b6 23. Rd7 Kg6 24. Ne4 h4 25. Kf2 Rf8+ 26. Ke2 Rf7 27.
Rd6+ Kf5 28. Kf3 c5 29. c4 h5 30. h3 Bf8 31. Rc6 Be7 32. b3 Rf8 33. Rh6 Rf7 34.
g4+ hxg3 35. h4 1-0

[Event "Linares MEX"]
[Site "Linares MEX"]
[Date "1994.??.??"]
[Round "4"]
[White "Zapata, Alonso"]
[Black "Hergott, Deen"]
[Result "1/2-1/2"]
[WhiteElo "2565"]
[BlackElo "2430"]
[PlyCount "83"]
[EventDate "1994.??.??"]
[EventType "tourn"]
[EventRounds "13"]
[EventCountry "MEX"]

1. e4 e6 2. d4 d5 3. Nd2 c5 4. exd5 Qxd5 5. Ngf3 cxd4 6. Bc4 Qd8 7. O-O Ne7 8.
Nb3 Qc7 9. Qe2 Ng6 10. Nbxd4 a6 11. Bg5 Nc6 12. Rad1 Be7 13. Nxc6 Bxg5 14. Nxg5
Qxc6 15. Rd4 Qc5 16. Qe3 Qc7 17. Qa3 Qe7 18. Bb5+ axb5 19. Qxa8 O-O 20. Nf3 e5
21. Rd2 e4 22. Ne1 Be6 23. Qa7 Bc4 24. Qe3 f5 25. f4 Bxf1 26. Kxf1 Qc7 27. Qb3+
Qc4+ 28. Qxc4+ bxc4 29. g3 Ra8 30. Rd7 b6 31. Rb7 Rxa2 32. Rxb6 Ne7 33. Ke2 Kf7
34. Kd2 Nd5 35. Rd6 Ra5 36. Rc6 Rb5 37. Kc1 Ne3 38. Kd2 Nd5 39. Rxc4 Rxb2 40.
Rc6 Rb1 41. Ke2 Ke7 42. Ra6 1/2-1/2

[Event "Linares MEX"]
[Site "Linares MEX"]
[Date "1994.??.??"]
[Round "5"]
[White "Hergott, Deen"]
[Black "Garcia, Gildardo"]
[Result "1-0"]
[WhiteElo "2430"]
[BlackElo "2540"]
[PlyCount "207"]
[EventDate "1994.??.??"]
[EventType "tourn"]
[EventRounds "13"]
[EventCountry "MEX"]

1. e4 e5 2. Nf3 Nc6 3. Bc4 Bc5 4. c3 Nf6 5. d4 exd4 6. O-O Nxe4 7. cxd4 d5 8.
dxc5 dxc4 9. Qxd8+ Kxd8 10. Rd1+ Bd7 11. Be3 Kc8 12. Rc1 Be6 13. Na3 c3 14.
bxc3 b6 15. Nd4 Bd7 16. Nb3 Re8 17. Rab1 Rb8 18. Nb5 bxc5 19. Na5 a6 20. Nxc6
Bxc6 21. Na3 Rxb1 22. Nxb1 Nd6 23. c4 Nf5 24. Bxc5 Re5 25. Bf8 Nh4 26. Bxg7 Rg5
27. Bf6 Rxg2+ 28. Kf1 Rxh2 29. Ke2 Nf3 30. Nc3 Rh6 31. Bh8 Re6+ 32. Kd3 Kd7 33.
Nd5 h5 34. Rh1 h4 35. Rh3 Bxd5 36. cxd5 Rh6 37. Bg7 Rh5 38. Rxf3 h3 39. Be5
Rxe5 40. Rxh3 Rxd5+ 41. Kc3 Rf5 42. Rd3+ Kc6 43. f3 Kb5 44. Kd2 c5 45. Rb3+ Ka4
46. Rc3 Rd5+ 47. Kc2 Rf5 48. Kd2 a5 49. Ke3 Kb4 50. Rb3+ Kc4 51. Ra3 Kb5 52.
Rb3+ Kc6 53. a4 Re5+ 54. Kf4 Rd5 55. Rb8 Rd7 56. Ke3 c4 57. Rc8+ Kd5 58. Ra8
Kc5 59. Rxa5+ Kb4 60. Ra8 c3 61. Rc8 Kb3 62. a5 c2 63. a6 Kb2 64. Rb8+ Kc1 65.
Ke2 Ra7 66. Rb6 f5 67. Ke1 f4 68. Ke2 Ra8 69. Ke1 Re8+ 70. Kf2 Ra8 71. Ke1 Ra7
72. Ke2 Re7+ 73. Kf2 Re3 74. a7 Ra3 75. Rb7 Kd2 76. Rd7+ Kc3 77. Rc7+ Kb2 78.
Rb7+ Ka1 79. Rc7 Kb1 80. Rb7+ Ka1 81. Rc7 Ra2 82. a8=Q Rxa8 83. Rxc2 Kb1 84.
Rc4 Ra2+ 85. Kf1 Kb2 86. Rxf4 Kc3 87. Rg4 Kd3 88. Rg2 Ra1+ 89. Kf2 Kd4 90. Rg5
Ra8 91. Kg3 Ra7 92. Kg4 Ra8 93. f4 Ra1 94. Re5 Rg1+ 95. Kf5 Rg8 96. Re6 Rf8+
97. Kg5 Rg8+ 98. Rg6 Rf8 99. f5 Kd5 100. Re6 Rg8+ 101. Kf6 Rf8+ 102. Kg6 Rg8+
103. Kf7 Rg5 104. f6 1-0

[Event "Linares MEX"]
[Site "Linares MEX"]
[Date "1994.??.??"]
[Round "6"]
[White "Martin del Campo, Roberto"]
[Black "Hergott, Deen"]
[Result "1/2-1/2"]
[WhiteElo "2450"]
[BlackElo "2430"]
[PlyCount "61"]
[EventDate "1994.??.??"]
[EventType "tourn"]
[EventRounds "13"]
[EventCountry "MEX"]

1. e4 g6 2. d4 Bg7 3. Nc3 d6 4. g3 Nc6 5. d5 Ne5 6. f4 Bg4 7. Be2 Bxe2 8. Qxe2
Nd7 9. Nf3 c6 10. Bd2 Qc7 11. O-O Ngf6 12. dxc6 Qxc6 13. h3 O-O 14. Kh2 Nb6 15.
e5 dxe5 16. Nxe5 Qe6 17. Rae1 Qf5 18. Be3 Nfd5 19. Nxd5 Nxd5 20. Bd4 Nb4 21.
Rf2 Rfd8 22. c3 Bxe5 23. fxe5 Qe6 24. Ref1 Nc6 25. Rxf7 Nxd4 26. cxd4 Rxd4 27.
Qf2 Rad8 28. Rf8+ Kg7 29. Rf7+ Kg8 30. Rf8+ Kg7 31. Rf7+ 1/2-1/2

[Event "Linares MEX"]
[Site "Linares MEX"]
[Date "1994.??.??"]
[Round "7"]
[White "Hergott, Deen"]
[Black "Vera, Reynaldo"]
[Result "1/2-1/2"]
[WhiteElo "2430"]
[BlackElo "2485"]
[PlyCount "59"]
[EventDate "1994.??.??"]
[EventType "tourn"]
[EventRounds "13"]
[EventCountry "MEX"]

1. Nf3 c5 2. c4 Nc6 3. Nc3 g6 4. e3 Bg7 5. d4 d6 6. d5 Na5 7. e4 Nf6 8. h3 O-O
9. Bd3 e5 10. Bg5 Bd7 11. Nh2 Qb8 12. Ng4 Nh5 13. Nh6+ Kh8 14. Nf5 f6 15. Nxg7
Nxg7 16. Bh6 b5 17. cxb5 a6 18. bxa6 Qxb2 19. Bd2 c4 20. Be2 Qb6 21. Rb1 Qxa6
22. Rb4 f5 23. O-O f4 24. Bg4 Qc8 25. Bxd7 Qxd7 26. Qg4 Qd8 27. Rfb1 g5 28. Qd1
h5 29. Rb6 Kh7 30. f3 1/2-1/2

[Event "Linares MEX"]
[Site "Linares MEX"]
[Date "1994.??.??"]
[Round "10"]
[White "Hernandez Guerrero, Gilberto"]
[Black "Hergott, Deen"]
[Result "1/2-1/2"]
[WhiteElo "2510"]
[BlackElo "2430"]
[PlyCount "33"]
[EventDate "1994.??.??"]
[EventType "tourn"]
[EventRounds "13"]
[EventCountry "MEX"]

1. e4 e6 2. d4 d5 3. Nc3 Nf6 4. Bg5 dxe4 5. Nxe4 Nbd7 6. Nf3 h6 7. Nxf6+ Nxf6
8. Be3 Bd6 9. Bd3 Nd5 10. Qe2 Nxe3 11. Qxe3 Bd7 12. Be4 O-O 13. O-O Qe7 14.
Rfd1 Rfd8 15. Ne5 Rab8 16. g3 Be8 17. Nc4 1/2-1/2

[Event "Linares MEX"]
[Site "Linares MEX"]
[Date "1994.??.??"]
[Round "11"]
[White "Hergott, Deen"]
[Black "Sagalchik, Gennadij"]
[Result "1/2-1/2"]
[WhiteElo "2430"]
[BlackElo "2515"]
[PlyCount "32"]
[EventDate "1994.??.??"]
[EventType "tourn"]
[EventRounds "13"]
[EventCountry "MEX"]

1. d4 Nf6 2. Nf3 e6 3. c4 d5 4. g3 dxc4 5. Bg2 c5 6. O-O Nc6 7. Qa4 cxd4 8.
Nxd4 Qxd4 9. Bxc6+ Bd7 10. Rd1 Bxc6 11. Qxc6+ bxc6 12. Rxd4 Rd8 13. Rxc4 Rd1+
14. Kg2 Nd5 15. Rxc6 Kd7 16. Rc2 Bd6 1/2-1/2

[Event "Linares MEX"]
[Site "Linares MEX"]
[Date "1994.??.??"]
[Round "12"]
[White "Nogueiras, Jesus"]
[Black "Hergott, Deen"]
[Result "1-0"]
[WhiteElo "2530"]
[BlackElo "2430"]
[PlyCount "73"]
[EventDate "1994.??.??"]
[EventType "tourn"]
[EventRounds "13"]
[EventCountry "MEX"]

1. Nf3 Nf6 2. c4 e6 3. g3 d5 4. Bg2 Be7 5. O-O O-O 6. d4 c6 7. Nc3 b6 8. Ne5
Ba6 9. e4 dxc4 10. d5 Qc7 11. Ng4 Nxg4 12. Qxg4 Nd7 13. dxe6 Ne5 14. exf7+ Rxf7
15. Qe2 Bc5 16. Be3 Bxe3 17. Qxe3 b5 18. a3 Rd8 19. f4 Ng4 20. Qc5 Qb6 21. Qxb6
axb6 22. Bf3 Ne3 23. Rf2 g5 24. Bh5 Rg7 25. f5 g4 26. Re1 Rg5 27. Rxe3 Rxh5 28.
e5 c5 29. e6 b4 30. e7 Re8 31. axb4 Kf7 32. bxc5 b5 33. Ne4 Rxe7 34. Nd6+ Kf6
35. Rxe7 Kxe7 36. f6+ Kf8 37. Re2 1-0

[Event "Linares MEX"]
[Site "Linares MEX"]
[Date "1994.??.??"]
[Round "13"]
[White "Hergott, Deen"]
[Black "Sunye Neto, Jaime"]
[Result "1/2-1/2"]
[WhiteElo "2430"]
[BlackElo "2535"]
[PlyCount "45"]
[EventDate "1994.??.??"]
[EventType "tourn"]
[EventRounds "13"]
[EventCountry "MEX"]

1. Nf3 c5 2. c4 Nf6 3. Nc3 e6 4. g3 b6 5. Bg2 Bb7 6. O-O Be7 7. d4 cxd4 8. Qxd4
O-O 9. Rd1 d6 10. b3 Nbd7 11. e4 Qb8 12. Ba3 Nc5 13. e5 dxe5 14. Qxe5 a6 15.
Qxb8 Raxb8 16. Ne5 Rfc8 17. Na4 Bxg2 18. Kxg2 Rb7 19. Bxc5 bxc5 20. f4 Rcc7 21.
Rd3 Kf8 22. Rad1 Ke8 23. Nc3 1/2-1/2

[Event "New York Marshall/Enhance"]
[Site "New York USA"]
[Date "1994.??.??"]
[Round "2"]
[White "Hergott, Deen"]
[Black "London, Dimitri"]
[Result "0-1"]
[WhiteElo "2430"]
[BlackElo "2400"]
[PlyCount "104"]
[EventDate "1994.??.??"]
[EventType "tourn"]
[EventRounds "5"]
[EventCountry "USA"]

1. c4 c5 2. Nf3 Nf6 3. Nc3 d5 4. cxd5 Nxd5 5. e4 Nb4 6. Bb5+ N8c6 7. d4 cxd4 8.
a3 dxc3 9. Qxd8+ Kxd8 10. axb4 Nxb4 11. bxc3 Nc2+ 12. Ke2 Nxa1 13. Rd1+ Kc7 14.
Bf4+ e5 15. Bxe5+ Kb6 16. Rb1 Nc2 17. Ba4+ Nb4 18. Nd2 Be6 19. cxb4 Rd8 20. Ke3
f6 21. Bd4+ Kc7 22. f4 Be7 23. f5 Bf7 24. Nf3 Kb8 25. e5 Bd5 26. Bc2 Rc8 27.
Bd3 Rhd8 28. h4 Bxf3 29. gxf3 Rxd4 30. Kxd4 Rd8+ 31. Ke3 fxe5 32. Rg1 Bf6 33.
h5 Rd4 34. h6 gxh6 35. Rg8+ Kc7 36. b5 h5 37. Rf8 Bg5+ 38. Ke2 Rd8 39. Rf7+ Rd7
40. Rxd7+ Kxd7 41. Be4 Kc7 42. Kf2 h4 43. Kg2 a5 44. bxa6 bxa6 45. Kh3 Kd6 46.
Kg4 h6 47. Bc2 a5 48. Bb3 Kc5 49. Bc2 Kd4 50. Ba4 Ke3 51. Bc6 Bf6 52. Be8 h3
0-1

[Event "New York Marshall/Enhance"]
[Site "New York USA"]
[Date "1994.??.??"]
[Round "3"]
[White "Palatnik, Semon"]
[Black "Hergott, Deen"]
[Result "1/2-1/2"]
[WhiteElo "2495"]
[BlackElo "2430"]
[PlyCount "82"]
[EventDate "1994.??.??"]
[EventType "tourn"]
[EventRounds "5"]
[EventCountry "USA"]

1. c4 c5 2. Nf3 Nc6 3. Nc3 Nf6 4. d4 cxd4 5. Nxd4 e6 6. Ndb5 d6 7. Bf4 e5 8.
Bg5 a6 9. Na3 Be6 10. e3 Be7 11. Be2 O-O 12. O-O Ne8 13. Bxe7 Nxe7 14. Qd2 f5
15. Rad1 Rc8 16. f4 Qc7 17. Nd5 Bxd5 18. cxd5 exf4 19. exf4 Nf6 20. Bf3 b5 21.
Rfe1 Rfe8 22. g3 Kf8 23. Kg2 Qb7 24. Nc2 Ne4 25. Bxe4 fxe4 26. Ne3 Rc5 27. Qd4
Ng8 28. g4 Qd7 29. h3 Nf6 30. Rf1 Re7 31. Rf2 Rc8 32. Nf5 Rc4 33. Qb6 e3 34.
Nxe3 Rxe3 35. Qxe3 Nxg4 36. hxg4 Qxg4+ 37. Kh2 Qh4+ 38. Kg2 Qg4+ 39. Kh2 Qh4+
40. Kg2 Qg4+ 41. Kh2 Qh4+ 1/2-1/2

[Event "New York Marshall/Enhance"]
[Site "New York USA"]
[Date "1994.??.??"]
[Round "4"]
[White "Hergott, Deen"]
[Black "Young, Ronald"]
[Result "1-0"]
[WhiteElo "2430"]
[BlackElo "2300"]
[PlyCount "32"]
[EventDate "1994.??.??"]
[EventType "tourn"]
[EventRounds "5"]
[EventCountry "USA"]

1. Nf3 d5 2. d4 Bg4 3. Ne5 Bf5 4. c4 f6 5. Nf3 e6 6. Nc3 c6 7. g3 Bb4 8. Qb3
Qb6 9. c5 Qa5 10. Bd2 Nd7 11. e4 Bg4 12. Bg2 Ne7 13. O-O O-O 14. Nxd5 Bxd2 15.
Nxe7+ Kf7 16. Nf5 b6 1-0

[Event "New York Marshall/Enhance"]
[Site "New York USA"]
[Date "1994.??.??"]
[Round "4"]
[White "Remlinger, Larry"]
[Black "Hergott, Deen"]
[Result "1/2-1/2"]
[WhiteElo "2455"]
[BlackElo "2430"]
[PlyCount "71"]
[EventDate "1994.??.??"]
[EventType "tourn"]
[EventRounds "5"]
[EventCountry "USA"]

1. e4 g6 2. Nf3 Bg7 3. d3 c5 4. g3 e6 5. Bg2 Ne7 6. O-O d5 7. Nbd2 Nbc6 8. Re1
b6 9. exd5 exd5 10. d4 cxd4 11. Nb3 Bg4 12. Bg5 d3 13. Qxd3 Bf5 14. Qd2 f6 15.
Nfd4 Nxd4 16. Nxd4 Qd7 17. Nxf5 Qxf5 18. Rxe7+ Kxe7 19. Bxd5 fxg5 20. Re1+ Be5
21. Bxa8 Rd8 22. Bd5 Kf6 23. c4 Kg7 24. f3 Qf6 25. Re2 b5 26. b3 bxc4 27. bxc4
Rb8 28. Qe1 Bc3 29. Qc1 Bb2 30. Qc2 Ba3 31. Qa4 Bc5+ 32. Kg2 Qd4 33. Qd7+ Kh6
34. Qh3+ Kg7 35. Qd7+ Kh6 36. Qh3+ 1/2-1/2

[Event "New York Marshall/Enhance"]
[Site "New York USA"]
[Date "1994.??.??"]
[Round "5"]
[White "Hergott, Deen"]
[Black "Gurevich, Ilya"]
[Result "1-0"]
[WhiteElo "2430"]
[BlackElo "2570"]
[PlyCount "41"]
[EventDate "1994.??.??"]
[EventType "tourn"]
[EventRounds "5"]
[EventCountry "USA"]

1. Nf3 Nf6 2. c4 g6 3. Nc3 d5 4. cxd5 Nxd5 5. Qb3 Nb6 6. d4 Bg7 7. Bg5 h6 8.
Bh4 Be6 9. Qc2 Nc6 10. Rd1 Nb4 11. Qb1 O-O 12. e3 a5 13. Be2 g5 14. Bxg5 hxg5
15. Nxg5 Re8 16. Qh7+ Kf8 17. Nxe6+ fxe6 18. Bg4 Qd6 19. Nb5 Qc6 20. Nxc7 Nc2+
21. Kf1 1-0

[Event "New York Marshall/Enhance"]
[Site "New York USA"]
[Date "1994.??.??"]
[Round "5"]
[White "Hergott, Deen"]
[Black "Klovsky, Rafail"]
[Result "1-0"]
[WhiteElo "2430"]
[BlackElo "2370"]
[PlyCount "75"]
[EventDate "1994.??.??"]
[EventType "tourn"]
[EventRounds "5"]
[EventCountry "USA"]

1. Nf3 d5 2. d4 c6 3. c4 e6 4. Nc3 dxc4 5. a4 Bb4 6. e3 b5 7. Bd2 a5 8. Ne5 Nf6
9. Qf3 Bxc3 10. bxc3 Qd5 11. Qg3 O-O 12. f3 Qd8 13. e4 Ne8 14. Rb1 f6 15. Nxc4
Ba6 16. Na3 bxa4 17. Bc4 Qe7 18. Rxb8 Rxb8 19. Qxb8 Qxa3 20. Bxa6 Qa1+ 21. Kf2
Qxh1 22. Bc4 Qa1 23. Bxe6+ Kh8 24. Qd8 Qa3 25. c4 Qb2 26. Ke2 Qb7 27. c5 a3 28.
Ba2 h6 29. Qb6 Qd7 30. d5 cxd5 31. exd5 Nc7 32. d6 Ne6 33. Be3 Re8 34. Kf2 Qa4
35. Bb3 Qh4+ 36. Kf1 Qxh2 37. d7 Rb8 38. Bxe6 1-0

[Event "Toronto active"]
[Site "Toronto CAN"]
[Date "1994.??.??"]
[Round "1"]
[White "Hergott, Deen"]
[Black "Mitrovic, Milos"]
[Result "0-1"]
[WhiteElo "2445"]
[BlackElo "2085"]
[PlyCount "62"]
[EventDate "1994.??.??"]
[EventType "swiss"]
[EventRounds "4"]
[EventCountry "CAN"]

1. d4 g6 2. e4 Bg7 3. c4 c5 4. d5 d6 5. Nf3 Nf6 6. Nc3 O-O 7. h3 e6 8. Bd3 exd5
9. exd5 Re8+ 10. Be3 Nfd7 11. O-O Ne5 12. Nxe5 Bxe5 13. Qd2 a6 14. a4 Nd7 15.
Rae1 Rb8 16. Bg5 f6 17. Bh6 f5 18. Ne2 Qb6 19. f4 Bh8 20. Nc3 Nf6 21. Rxe8+
Nxe8 22. Qe2 Qd8 23. g4 Bd7 24. Kh2 fxg4 25. Bg5 g3+ 26. Kxg3 Nf6 27. Re1 Qf8
28. Qe7 Re8 29. Qxf8+ Kxf8 30. Rxe8+ Kxe8 31. a5 Kf7 0-1

[Event "Toronto active"]
[Site "Toronto CAN"]
[Date "1994.??.??"]
[Round "4"]
[White "Hergott, Deen"]
[Black "Dougherty, Michael"]
[Result "1-0"]
[WhiteElo "2445"]
[BlackElo "2310"]
[PlyCount "64"]
[EventDate "1994.??.??"]
[EventType "swiss"]
[EventRounds "4"]
[EventCountry "CAN"]

1. c4 e5 2. g3 Nf6 3. Bg2 d5 4. cxd5 Nxd5 5. Nc3 Nb6 6. d3 Be7 7. Be3 O-O 8.
Rc1 Kh8 9. h4 Nc6 10. Bxc6 bxc6 11. Nf3 f6 12. Ne4 Be6 13. O-O Qe8 14. Bc5 Bd5
15. Qc2 Rd8 16. Bxe7 Qxe7 17. Qc5 Qd7 18. Kh2 Nc8 19. Ned2 Ne7 20. Rfd1 Rfe8
21. b3 Qg4 22. Ng1 Ng6 23. f3 Qh5 24. e4 Be6 25. Nf1 f5 26. Qf2 Rd6 27. exf5
Qxf5 28. Ne3 Qf6 29. Nc4 Rd7 30. h5 Nf8 31. Qe3 Bd5 32. Rf1 Qf5 1-0